[Event "SLO-ch U12 Girls"]
[Site "Rogaska Slatina"]
[Date "2009.02.25"]
[Round "6"]
[White "Skvorc, Tjasa"]
[Black "Jezovnik, Jana"]
[Result "1-0"]
[WhiteElo "1500"]
[BlackElo "1500"]
[PlyCount "55"]
[EventDate "2009.02.22"]
[EventType "swiss"]
[EventRounds "9"]
[EventCountry "SLO"]
[SourceTitle "CBM 129 Extra"]
[Source "ChessBase"]
[SourceDate "2009.05.05"]
[SourceVersion "2"]
[SourceVersionDate "2009.05.20"]
[SourceQuality "1"]

1. e4 e5 2. Nf3 Nc6 3. Bc4 Bc5 4. d3 d6 5. h3 h6 6. Nc3 Nf6 7. 0-0 Be6 8. Nd5 0-0 9. c3 a6 10. d4 b5 11. Bb3 Bb6 12. Nxf6+ Qxf6 13. d5 Qg6 14. dxe6 fxe6 15. Nh4 Qxe4 16. Bxe6+ Kh8 17. Qd5 Qxh4 18. Qxc6 Bxf2+ 19. Kh1 Bd4 20. Rxf8+ Rxf8 21. cxd4 Rf1+ 22. Kh2 Qe1 23. Qe8+ Kh7 24. Bg8+ Kh8 25. Bc4+ Kh7 26. Bd3+ g6 27. Qxg6+ Kh8 28. Qh7# 1-0

[Event "SLO-ch U12 Girls"]
[Site "Rogaska Slatina"]
[Date "2009.02.24"]
[Round "4"]
[White "Jezovnik, Jana"]
[Black "Plej, Tjasa"]
[Result "1-0"]
[WhiteElo "1500"]
[BlackElo "1500"]
[PlyCount "37"]
[EventDate "2009.02.22"]
[EventType "swiss"]
[EventRounds "9"]
[EventCountry "SLO"]
[SourceTitle "CBM 129 Extra"]
[Source "ChessBase"]
[SourceDate "2009.05.05"]
[SourceVersion "2"]
[SourceVersionDate "2009.05.20"]
[SourceQuality "1"]

1. e4 e5 2. Nf3 d6 3. h3 Nf6 4. Nc3 Be7 5. Bc4 0-0 6. d3 h6 7. Be3 Nc6 8. 0-0 a6 9. Qd2 b5 10. Bd5 Bb7 11. a3 Rb8 12. Nh4 Kh8 13. Nf5 b4 14. Bxh6 Nh5 15. g4 gxh6 16. Qxh6+ Kg8 17. gxh5 Bf6 18. Kh1 Bg5 19. Qg7# 1-0

[Event "SLO-ch U12 Girls"]
[Site "Rogaska Slatina"]
[Date "2009.02.22"]
[Round "1"]
[White "Jezovnik, Jana"]
[Black "Kralj, Manca"]
[Result "0-1"]
[WhiteElo "1500"]
[BlackElo "1542"]
[PlyCount "40"]
[EventDate "2009.02.22"]
[EventType "swiss"]
[EventRounds "9"]
[EventCountry "SLO"]
[SourceTitle "CBM 129 Extra"]
[Source "ChessBase"]
[SourceDate "2009.05.05"]
[SourceVersion "2"]
[SourceVersionDate "2009.05.20"]
[SourceQuality "1"]

1. e4 e5 2. Nf3 Nc6 3. Bc4 Bc5 4. d3 Nf6 5. Bb5 d6 6. h3 Be6 7. Bxc6+ bxc6 8. Be3 Bb6 9. Nc3 Qd7 10. Qe2 0-0 11. 0-0-0 Rfb8 12. b3 h6 13. Bxb6 cxb6 14. Qe3 a5 15. Na4 Qc7 16. Rhe1 b5 17. Nb2 a4 18. c3 axb3 19. axb3 Bxb3 20. Rd2 Ra1# 0-1

[Event "SLO-ch U12 Girls"]
[Site "Postojna"]
[Date "2008.02.28"]
[Round "6"]
[White "Jezovnik, Jana"]
[Black "Franca, Veronika"]
[Result "0-1"]
[WhiteElo "1500"]
[BlackElo "1500"]
[PlyCount "40"]
[EventDate "2008.02.24"]
[EventType "swiss"]
[EventRounds "9"]
[EventCountry "SLO"]
[SourceTitle "EXT 2010"]
[Source "ChessBase"]
[SourceDate "2010.11.25"]
[SourceVersion "1"]
[SourceVersionDate "2010.11.25"]
[SourceQuality "1"]

1. e4 e5 2. Nf3 Nc6 3. Bc4 Bc5 4. a3 Nf6 5. Nc3 a6 6. 0-0 d6 7. h3 h6 8. d3 Nh5 9. Be3 0-0 10. Bxc5 dxc5 11. Bd5 Qf6 12. a4 Nf4 13. Bxc6 bxc6 14. g4 Nxh3+ 15. Kh1 Bxg4 16. Kg2 Qf4 17. Re1 Ng5 18. Re3 Bh3+ 19. Kg1 Qg4+ 20. Kh1 Qg2# 0-1